Piłkarze województwa lubelskiego - nagła śmierć - Statystyki

Ogólne statystyki
  • Ten quiz został rozwiązany 11 razy
  • Średni wynik to 4 z 10
Answers on the Grid
Answers color-coded by a green-red scale on the quiz's grid according to % correct below.
Sławomir Abramowicz
Karol Czubak
Paweł Dawidowicz
Artur Jędrzejczyk
Damian Kądzior
Mateusz Kochalski
Michał Król
Łukasz Łakomy
Cezary Miszta
Jarosław Niezgoda
Kamil Piątkowski
Oskar Pietuszewski
Karol Struski
Damian Szymański
Sebastian Szymański
Patryk Szysz
Kacper Tobiasz
Przemysław Tytoń
Sebastian Walukiewicz
Nicola Zalewski
 
Statystyki odpowiedzi
Odpowiedź % Poprawnych
Przemysław Tytoń
73%
Sebastian Szymański
55%
Damian Szymański
45%
Jarosław Niezgoda
45%
Łukasz Łakomy
45%
Patryk Szysz
45%
Karol Struski
36%
Mateusz Kochalski
36%
Michał Król
36%
Cezary Miszta
18%
Nie znaleziono quizów pasujących do podanych kryteriów
Rozkład punktacji
Procent ludzi z każdym wynikiem
Percentyl według liczby udzielonych odpowiedzi
Twoja historia wyników
Nie rozwiązałeś tego quizu